مكتبة جامعة عجلون الوطنية

فهرس بحث المكتبة

Normal view MARC view
  • الادب العربي-تاريخ ونقد/ الشيعه-فرق اسلامية

Entry Topical Term

Number of records used in: 1

001 - CONTROL NUMBER

  • control field: 39578

003 - CONTROL NUMBER IDENTIFIER

  • control field: JO-AjAnu

005 - DATE AND TIME OF LATEST TRANSACTION

  • control field: 20230606080600.0

008 - FIXED-LENGTH DATA ELEMENTS

  • fixed length control field: 230606|| aca||aabn | a|a d

040 ## - CATALOGING SOURCE

  • Original cataloging agency: JO-AjAnu
  • Transcribing agency: JO-AjAnu

150 ## - HEADING--TOPICAL TERM

  • Topical term or geographic name entry element: الادب العربي-تاريخ ونقد/ الشيعه-فرق اسلامية

670 ## - SOURCE DATA FOUND

  • Source citation: Work cat.: (JO-AjAnu)20294: الحاجري، محمد طه, author 39577, مرحلة التشيع في المغرب العربي وأثرها في الحياة الأدبية